logo

Bir Sreshtho Munshi Abdur Rouf Library
Jhenaidah Cadet College

বাচ্চা ভয়ংকর কাচ্চা ভয়ংকর / (Record no. 588)

MARC details
000 -LEADER
fixed length control field 00794nam a2200229 a 4500
001 - CONTROL NUMBER
JCCL Control Number 588
003 - CONTROL NUMBER IDENTIFIER
JCCL marc code BD-JhCC
005 - DATE AND TIME OF LATEST TRANSACTION
control field 20171015170741.0
008 - FIXED-LENGTH DATA ELEMENTS--GENERAL INFORMATION
fixed length control field 171007s1998 bg |||| |||| 000 0 ben d
020 ## - INTERNATIONAL STANDARD BOOK NUMBER
International Standard Book Number 9789844043008
035 ## - SYSTEM CONTROL NUMBER
system control number (BD-JhCC)588
040 ## - CATALOGING SOURCE
Original cataloging agency BD-JhCC
Modifying agency BD-JhCC
041 ## - LANGUAGE CODE
Language code of Book ben
082 ## - DEWEY DECIMAL CLASSIFICATION NUMBER
Classification number 891.443
Author mark and Year IQB 1998
100 ## - MAIN ENTRY--PERSONAL NAME
Personal name ইকবাল, মুহম্মদ জাফর
245 ## - TITLE STATEMENT
Title বাচ্চা ভয়ংকর কাচ্চা ভয়ংকর /
Statement of responsibility, etc মুহম্মদ জাফর ইকবাল
260 ## - PUBLICATION, DISTRIBUTION, ETC. (IMPRINT)
Place of publication, distribution, etc ঢাকা;
Name of publisher, distributor, etc অনুপম প্রকাশনী,
Date of publication, distribution, etc ১৯৯৮
300 ## - PHYSICAL DESCRIPTION
Pagination ১০৪ পৃ.;
Dimensions ২২ সে.মি.
650 ## - SUBJECT ADDED ENTRY--TOPICAL TERM
Topical term or geographic name as entry element Bengali Jouvenile Novel
942 ## - ADDED ENTRY ELEMENTS (KOHA)
Source of classification or shelving scheme Dewey Decimal Classification
Koha item type Books
Holdings
Source of classification or shelving scheme Damaged status Not for loan Home library Current library Shelving location Date of accession Source of acquisition Cost, normal purchase price Total Checkouts Full call number Barcode Date last seen Date checked out Copy number Koha item type
Dewey Decimal Classification     JCC Rouf Library JCC Rouf Library General Stacks 10/07/2017 IPDC 140.00 1 891.443 IQB 1998 1685 04/11/2020 04/09/2020 C-1 Books

JCC Library | Contacts | JCC Home

Last Update on 23 September 2017
Copyright @ 2017-2020 JCC Rouf Library
Rouf Library, Jhenidah Cadet College (JCC), Bangladesh